000 00546nam a22002057a 4500
003 OSt
005 20140310182826.0
008 130529t xxu||||| |||| 00| 0 eng d
020 _a9714204526
050 _aJQ 1415
_b.B411 2004
082 _aFIL 342
_bP53 2004
245 _aPhilippine Government and Constitution
_cBederio, Concepcion L.
260 _aPhilippines
_bTrinitas Pubishing, Inc.
_c2004
300 _a261 p.
_c25 cm
521 _aCollege
526 _c1210L-1700L
541 _j1
562 _e1
942 _2lcc
_cBK
_kFIL
999 _c16510
_d16510